Statistics for Zac Efron Filmography

Click here to take the quiz!

General Stats

  • This quiz has been taken 177 times
    (50 since last reset)
  • The average score is 19 of 75

Answer Stats

TypeYearName% Correct
TV Film2006High School Musical
95%
TV Film2007High School Musical 2
90%
Film2008High School Musical 3: Senior Year
88%
Film2017Baywatch
85%
Film200917 Again
78%
Film2017The Greatest Showman
75%
Film2014Neighbors
58%
Film2016Neighbors 2: Sorority Rising
53%
Film2007Hairspray
45%
TV Show2009Saturday Night Live
43%
Film2023The Iron Claw
40%
Film2016Dirty Grandpa
38%
Film2019Extremely Wicked, Shockingly Evil and Vile
35%
Film2012The Lorax
35%
Film2011New Year's Eve
33%
Film2014That Awkward Moment
33%
Film2012The Lucky One
33%
Film2010Charlie St. Cloud
30%
Documentary Series2020-PresentDown to Earth with Zac Efron
30%
Film2016Mike and Dave Need Wedding Dates
30%
Film2022The Greatest Beer Run Ever
30%
Film2015We Are Your Friends
30%
Film2020Scoob!
28%
Film2012The Paperboy
28%
Film2022Firestarter
25%
Film2022Gold
25%
Short Film2016Neighbors 3: Zombies Rising
25%
Film2019The Beach Bum
25%
TV Show2006The Suite Life of Zack & Cody
25%
TV Show2003ER
23%
FilmTBAA Family Affair
20%
TV Show2005CSI: Miami
20%
TV Show2006NCIS
20%
Film2024Ricky Stanicky
20%
Music Video2007Say OK
20%
TV Show2004-2005Summerland
20%
Film2017The Disaster Artist
20%
Film2012At Any Price
18%
Web Series2019Human Discoveries
18%
Film2012Liberal Arts
18%
Film2008Me and Orson Welles
18%
Film2003Melinda's World
18%
TV Film2004Miracle Run
18%
Film2013Parkland
18%
TV Show2009, 2016Robot Chicken
18%
Film2005The Derby Stallion
18%
TV Show2009Entourage
15%
TV Show2002Firefly
15%
TV Show2006Heist
15%
TV Film2006If You Lived Here, You'd Be Home Now
15%
Music Video2005Sick Inside
15%
TV Short2003The Big Wide World of Carl Laemke
15%
TV Show2003The Guardian
15%
TV Show2006The Replacements
15%
FilmTBAThree Men and a Baby
15%
TV Short2004Triple Play
15%
Commercial2007Danimals
13%
Short Film2012John John Denim: The Race
13%
TV Show2014Running Wild with Bear Grylls
13%
Short Film2021Save Ralph
13%
TV Show2014The Tonight Show Starring Jimmy Fallon
13%
Short Film2009Zac Efron's Pool Party
13%
Commercial2017Columbia Winter
10%
Commercial2017Hugo
10%
Web SeriesTBAKilling Zac Efron
10%
TV Show2007, 2012Punk'd
8%
TV Short2014Robot Chicken DC Comics Special II: Villains in Paradise
8%
TV Show2012Sesame Street
8%
TV Show2009American Idol
5%
TV Show2007Australian Idol
5%
TV Show2009, 2010Bondi Rescue
5%
TV Show2008High School Musical: Get in the Picture
5%
Theater2002-2003A Christmas Carol
3%
TV Show2009Australia's Funniest Home Video Show
3%
TV Short2016High School Musical: 10th Anniversary
3%

Score Distribution

Percentile by Number Answered

Percent of People with Each Score

Your Score History

You have not taken this quiz since the last reset